Libro en que se qüentan los amores de Viraldo y Florindo, aunque en diverso estilo / (Record no. 187651)
[ view plain ]
| 000 -LEADER | |
|---|---|
| campo de control de longitud fija | 01024nam a2200265 i 4500 |
| 001 - NÚMERO DE CONTROL | |
| campo de control | 187651 |
| 003 - IDENTIFICADOR DE NÚMERO DE CONTROL | |
| campo de control | ES-MaACL |
| 005 - FECHA Y HORA DE LA ÚLTIMA TRANSACCIÓN | |
| campo de control | 20231215122632.0 |
| 008 - DATOS DE LONGITUD FIJA--INFORMACIÓN GENERAL | |
| campo de control de longitud fija | 171214s2003 sp |||| | spa d |
| 020 ## - NÚMERO INTERNACIONAL ESTÁNDAR DEL LIBRO | |
| Número Internacional Estándar del Libro | 84-7800-126-3 |
| 080 ## - NÚMERO DE LA CLASIFICACIÓN DECIMAL UNIVERSAL | |
| Número de la Clasificación Decimal Universal | 821.134.2-31"15" |
| 245 00 - MENCIÓN DEL TÍTULO | |
| Título | Libro en que se qüentan los amores de Viraldo y Florindo, aunque en diverso estilo / |
| Mención de responsabilidad, etc. | edición de Luis Gómez Canseco y Bernardo Perea Morillo. |
| 250 ## - MENCION DE EDICION | |
| Mención de edición | 1ª ed. |
| 260 ## - PUBLICACIÓN, DISTRIBUCIÓN, ETC. | |
| Lugar de publicación, distribución, etc. | Salamanca : |
| Nombre del editor, distribuidor, etc. | Universidad de Salamanca, |
| Fecha de publicación, distribución, etc. | 2003. |
| 300 ## - DESCRIPCIÓN FÍSICA | |
| Extensión | 278 p. : |
| Otras características físicas | il. ; |
| Dimensiones | 24 cm. |
| 490 1# - MENCIÓN DE SERIE | |
| Mención de serie | Textos recuperados ; |
| Designación de volumen o secuencia | 22 |
| 504 ## - NOTA DE BIBLIOGRAFÍA, ETC. | |
| Nota de bibliografía, etc. | Referencias bibliográficas. Índice de voces, materias y primeros versos. |
| 700 1# - ENTRADA AGREGADA--NOMBRE PERSONAL | |
| Nombre de persona | Gómez Canseco, Luis. |
| 9 (RLIN) | 141674 |
| 700 1# - ENTRADA AGREGADA--NOMBRE PERSONAL | |
| Nombre de persona | Perea Morillo, Bernardo. |
| 9 (RLIN) | 163928 |
| 830 0# - PUNTO DE ACCESO ADICIONAL DE SERIE-TÍTULO UNIFORME | |
| Título uniforme | Textos recuperados ; |
| Designación de volumen o secuencia | 22 |
| 9 (RLIN) | 186813 |
| 852 ## - LOCALIZACIÓN | |
| Ubicación | ES-MaACL |
| Número de control de estantería | A-14149 |
| itemnumber | 194739 |
| Sublocalización o colección | R.151297 |
| Ubicación en estantería | Depósito 1 |
| Signatura antigua | Olim: N-7149 |
| Donativo/Legado | Donación: Casa de Velázquez |
| 914 ## - NOMBRE ENTIDAD DE DONANTE | |
| RLIN | 2477 |
| Nombre de congreso/reunión o jurisdicción como elemento de entrada | Casa de Velázquez |
| Unidad subordinada | Donante |
| 942 ## - ELEMENTOS DE ENTRADA SECUNDARIOS (KOHA) | |
| Fuente del sistema de clasificación o colocación | Clasificación decimal universal |
| Tipo de ítem Koha | Libro impreso |
| Estatus retirado | Estado de pérdida | Fuente del sistema de clasificación o colocación | Estado de daño | No para préstamo | Biblioteca de origen | Biblioteca actual | Ubicación en estantería | Fecha de adquisición | Fuente de adquisición | Total de préstamos | Signatura topográfica completa | Código de barras | Visto por última vez | Precio de reemplazo | Tipo de ítem Koha |
|---|---|---|---|---|---|---|---|---|---|---|---|---|---|---|---|
| Clasificación decimal universal | Biblioteca del Ateneo de Madrid | Biblioteca del Ateneo de Madrid | Depósito 1 | 14/12/2017 | Donación | A-14148 | 1198203 | 23/02/2023 | 23/02/2023 | Libro impreso |
